[Event "SVK-ch U12"]
[Site "Stara Lubovna"]
[Date "2021.07.02"]
[Round "8"]
[White "Strapec, Lukas"]
[Black "Vasko, Matej"]
[Result "1/2-1/2"]
[WhiteElo "1705"]
[BlackElo "1222"]
[PlyCount "132"]
[EventDate "2021.06.26"]
[EventType "swiss"]
[EventRounds "9"]
[EventCountry "SVK"]
[SourceTitle "CBM 203 Extra"]
[Source "ChessBase"]
[SourceDate "2021.09.30"]
[SourceVersion "1"]
[SourceVersionDate "2021.09.30"]
[SourceQuality "1"]

1. d4 d5 2. c4 c6 3. Nc3 Nf6 4. Nf3 Bf5 5. e3 e6 6. Bd3 Bg6 7. 0-0 dxc4 8. Bxc4 Nbd7 9. b3 Bb4 10. Bb2 Nb6 11. Qe2 0-0 12. a3 Nxc4 13. bxc4 Bxc3 14. Bxc3 Ne4 15. Bb4 Re8 16. Ne5 a5 17. Be1 Qc7 18. f3 Nd6 19. Bg3 Nf5 20. Bf4 Qe7 21. Nxg6 hxg6 22. g4 g5 23. Bg3 Nxg3 24. hxg3 g6 25. Qb2 f6 26. Rab1 Rab8 27. c5 e5 28. Rfe1 Rbd8 29. Qb3+ Qe6 30. Qc3 Qd5 31. Kf2 exd4 32. exd4 Rxe1 33. Kxe1 Re8+ 34. Kf2 Qe6 35. Qb3 Qxb3 36. Rxb3 Re7 37. Re3 Kf7 38. f4 gxf4 39. gxf4 Rxe3 40. Kxe3 Ke6 41. Ke2 Kd5 42. Kd3 a4 43. f5 g5 44. Kc3 Ke4 45. Kc4 Kf4 46. d5 cxd5+ 47. Kxd5 Kxg4 48. Ke6 Kh3 49. Kxf6 g4 50. Ke6 g3 51. f6 g2 52. f7 g1Q 53. f8Q Qe3+ 54. Kd6 Qxa3 55. Qh6+ Kg2 56. Qd2+ Kg3 57. Qg5+ Kh2 58. Qd2+ Kh3 59. Qh6+ Kg2 60. Qd2+ Kf1 61. Qd1+ Kf2 62. Qd2+ Kg1 63. Qe1+ Kh2 64. Qd2+ Kg3 65. Qg5+ Kf2 66. Qd2+ Kg3 1/2-1/2